000 01364nam a2200373 c 4500
001 5752
003 ES-MaCES
005 20150925135624.0
008 970630s1996 ag ||| | spa d
020 _a9500509350
035 _aCES19980057978m
040 _aES-MaCES
_bspa
_cES-MaCES
100 1 _aCastillo, Gerardo
_99279
245 1 4 _aLos trabajadores y el Mercosur
_b: creación, desarrollo y políticas sindicales de la Coordinadora de Centrales Sindicales del Cono Sur (CCSCS)
_cGerardo Castillo, Julio Godio, Alvaro Orsatti
260 _a[Argentina]
_bULAT-MUN, Unión Lationamericana de Trabajadores Municipales
_c1996
_bCorregidor
300 _a204 p.
_c20 cm
541 _cGratuito
610 2 4 _aCoordinadora de Centrales Sindicales del Cono Sur
_92567
650 4 _asindicalismo
_929453
650 4 _afederación sindical
_929459
650 4 _aactitud sindical
_929839
650 4 _atrabajador
_928414
650 4 _aAmérica Latina
_926882
650 4 _aMERCOSUR
_930632
650 4 _a1991-1996
_931195
653 1 0 _aRelaciones laborales-Empleo
650 4 _928369
_arelaciones laborales
700 1 _aGodio, Julio
_913518
700 1 _aOrsatti, Álvaro
_920030
710 2 _aUnión Lationamericana de Trabajadores Municipales
_eed.
_95176
902 _aLIB Libro
942 _2CES
_cBK
_h2.0.
999 _c5752
_d5752